| 000 | 01772nam a22002537a 4500 | ||
|---|---|---|---|
| 999 |
_c58547 _d58547 |
||
| 003 | Ge_BSU | ||
| 005 | 20220601125604.0 | ||
| 008 | 220601s2016 ge ||||| |||| 00| 0 geo d | ||
| 020 | _a9789941164705 | ||
| 041 | _ageo | ||
| 080 | _a316.472.3(042.4) ო-64 | ||
| 100 |
_aორტეგა, ი გასეტი ხოსე _913150 |
||
| 245 |
_aადამიანი და ხალხი : _b[ლექციების კურსი] / _cხოსე ორტეგა ი გასეტი ; ესპანურიდან თარგმნა ზურაბ წიქარიძემ ; რედაქტორები: ქართული ტექსტის რეზო მირიანაშვილი, ესპანურიდან თარგმანის ნინო ფიფია ; გარეკანის დიზაინი სოფო კობიძისა. |
||
| 264 |
_aთბილისი, _bსაქართველოს მაცნე, _c2016. |
||
| 300 |
_a287 გვ. ; _b21 სმ. |
||
| 501 | _aშენიშვნები გვ. 274-286 | ||
| 653 | _a საზოგადოებრივი ურთიერთობები | ||
| 653 | _a საზოგადოებრივი აზრი | ||
| 700 |
_aწიქარიძე, ზურაბ _eმთარგმნელი, წინასიტყვაობის ავტორი. _913933 |
||
| 700 |
_aმირიანაშვილი, რეზო _eრედაქტორი. _913934 |
||
| 700 |
_aფიფია, ნინო _eრედაქტორი _913935 |
||
| 700 |
_aკობიძე, სოფო _eგარეკანის დიზაინერი _913936 |
||
| 942 |
_2udc _cBK |
||